000 00332 a2200157 4500
001 165257
020 _a
040 _cMagnum
100 _aAlmeida, Zelia
240 1 0 _aUrsulino da silva so
_lpor
245 1 0 _aUrsulino da silva so
362 0 _a1899
440 1 _aDimensão
697 _aIJ/SOCIEDADE COTIDIANO
942 _cBK
999 _c165257
_d165257